000 00308pab a2200133 454500
008 180718b1986 xxu||||| |||| 00| 0 eng d
245 _aMuslim intelligentisia's protest
260 _c1986
300 _a33-4
362 _a3 May
650 _aMohammedan Law - India
773 _aMainstream
909 _a13598
999 _c13598
_d13598